000 00863cab a2200253 4500
001 WB2835-08
008 090401t1992 xxu||||| |||| 00| 0 eng d
035 _a(Sirsi) u6834
041 _aeng
245 _aAcid deposition
260 _c1992
350 _a0
490 _aENDS Report
_v(211) August 1992, 4-5(1)
520 _aAn official programme of research into the effects of air pollution on building materials by the BRE has concluded that sulphur dioxide remains the main cause of damage to stone in more polluted areas of Britain and is also an important factor in steel corrosion.
650 _aACID RAIN
650 _aAIR POLLUTION
650 _aBUILIDNG MATERIALS
650 _aPOLLUTION
650 _aSTEEL CORROSION
650 _aSULPHUR DIOXIDE
690 _aBUILT ENVIRONMENT-BUILDING PATHOLOGY
942 _n0
948 _c04/03/1997
999 _c4062
_d4062